00644npc a2200181Ia 4500001002200000003001000022008004100032040002500073041000700098100001100105240003200116245012700148250001100275260002300286300001200309500012500321650001600446onu3-903 [d000000828]IT-MiCISF161014s9999||||xx | und|| aIT-MiCISFcIT-MiCISF aen aAA.VV. aPopulation: 1984 and beyond 0aPopulation: 1984 and beyondbCritical Issues for the International Conference on Population, Mexico City, 6-13 august 1984 a1a ed. a ViennabONUc1984 app. 117 aONU / popolazione, situazione-demografica, fecondità, società, politiche-sociali, mortalità, politica-sanitaria /  apopolazione